[Event "Titled Tuesday intern op 21st Dec"]
[Site "Chess.com INT"]
[Date "2021.12.21"]
[Round "2"]
[White "Yavorovsky, Valeriy"]
[Black "Martic, Ivan"]
[Result "0-1"]
[WhiteElo "2333"]
[BlackElo "2287"]
[PlyCount "50"]
[EventDate "2021.12.21"]
[EventType "swiss (blitz)"]
[EventRounds "11"]
[EventCountry "USA"]
[SourceTitle "CBM 205 Extra"]
[Source "ChessBase"]
[SourceDate "2022.01.31"]
[SourceVersion "1"]
[SourceVersionDate "2022.01.31"]
[SourceQuality "1"]

1. e4 c5 2. Nf3 e6 3. d4 cxd4 4. Nxd4 Nc6 5. Nc3 a6 6. Be3 Nf6 7. Be2 Qc7 8. O-O Nxd4 9. Bxd4 Bc5 10. f4 e5 11. Bxc5 Qxc5+ 12. Kh1 d6 13. a4 O-O 14. a5 exf4 15. Rxf4 Qe5 16. Qd2 Be6 17. Bd3 Rae8 18. Raf1 Nd7 19. Nd5 Bxd5 20. exd5 Qxb2 21. Rb4 Qe5 22. Rxb7 Nc5 23. Rb4 g6 24. Rbf4 Qxd5 25. Rxf7 Rxf7 0-1

[Event "Titled Tuesday intern op 21st Dec"]
[Site "Chess.com INT"]
[Date "2021.12.21"]
[Round "2"]
[White "Yedidia, Daniel"]
[Black "Rustemov, Alexander"]
[Result "1-0"]
[WhiteElo "1991"]
[BlackElo "2525"]
[PlyCount "141"]
[EventDate "2021.12.21"]
[EventType "swiss (blitz)"]
[EventRounds "11"]
[EventCountry "USA"]
[SourceTitle "CBM 205 Extra"]
[Source "ChessBase"]
[SourceDate "2022.01.31"]
[SourceVersion "1"]
[SourceVersionDate "2022.01.31"]
[SourceQuality "1"]

1. d4 d5 2. c4 e6 3. Nc3 Be7 4. Bf4 Nf6 5. e3 O-O 6. Bd3 dxc4 7. Bxc4 c5 8. Nf3 cxd4 9. exd4 Nbd7 10. O-O Nb6 11. Bb3 Bd7 12. Ne5 Rc8 13. Rc1 Bc6 14. Nxc6 Rxc6 15. Be5 Qd7 16. Qf3 Rd8 17. Rfd1 Nfd5 18. Nxd5 exd5 19. h3 Bf8 20. Bf4 Rdc8 21. Rxc6 Rxc6 22. Re1 a6 23. Re5 Nc4 24. Rxd5 Qc8 25. Qe2 b5 26. a4 Nb6 27. Re5 Nxa4 28. Re8 Qd7 29. d5 Rc8 30. Rxc8 Qxc8 31. d6 Qc6 32. Qf3 Qxf3 33. gxf3 Nb6 34. Bc2 Nc4 35. d7 Be7 36. Bc7 Nxb2 37. d8=Q+ Bxd8 38. Bxd8 Nc4 39. Be4 a5 40. Bd5 a4 41. Bxc4 bxc4 42. Be7 f6 43. Kf1 Kf7 44. Ba3 Ke6 45. Ke2 Ke5 46. Ke3 g5 47. Bb2+ Kf5 48. Kd4 Kf4 49. Kxc4 Kxf3 50. Bxf6 h6 51. Bg7 h5 52. Bf6 g4 53. hxg4 hxg4 54. Bh4 Ke4 55. Kb4 Kd3 56. Kxa4 Kc4 57. Bg3 Kc3 58. Kb5 Kd4 59. Kc6 Ke4 60. Kd6 Kf3 61. Ke5 Ke2 62. Kf4 Kd3 63. Kxg4 Ke4 64. f4 Kd5 65. Kg5 Ke6 66. Kg6 Ke7 67. f5 Kf8 68. Bd6+ Ke8 69. f6 Kd7 70. f7 Kxd6 71. f8=Q+ 1-0

[Event "Titled Tuesday intern op 21st Dec"]
[Site "Chess.com INT"]
[Date "2021.12.21"]
[Round "2"]
[White "Yurovskich, Oleksandr"]
[Black "Onischuk, Vladimir"]
[Result "0-1"]
[WhiteElo "2328"]
[BlackElo "2620"]
[PlyCount "48"]
[EventDate "2021.12.21"]
[EventType "swiss (blitz)"]
[EventRounds "11"]
[EventCountry "USA"]
[SourceTitle "CBM 205 Extra"]
[Source "ChessBase"]
[SourceDate "2022.01.31"]
[SourceVersion "1"]
[SourceVersionDate "2022.01.31"]
[SourceQuality "1"]

1. d4 d6 2. Nf3 g6 3. e4 Bg7 4. c3 Nf6 5. Bb5+ Nc6 6. Nbd2 O-O 7. O-O Bd7 8. Re1 e5 9. dxe5 Nxe5 10. Bxd7 Nfxd7 11. Nxe5 Nxe5 12. Nf3 Nc4 13. Qc2 Re8 14. b3 Nb6 15. Bb2 Qf6 16. Rab1 Nd7 17. c4 Qf4 18. Bxg7 Kxg7 19. Qc3+ f6 20. Nd2 Ne5 21. g3 Qxd2 22. Qxd2 Nf3+ 23. Kg2 Nxd2 24. Rbd1 Nxe4 0-1

[Event "Titled Tuesday intern op 21st Dec"]
[Site "Chess.com INT"]
[Date "2021.12.21"]
[Round "2"]
[White "Zarnicki, Pablo Adrian"]
[Black "Quesada Perez, Yuniesky"]
[Result "1/2-1/2"]
[WhiteElo "2514"]
[BlackElo "2600"]
[PlyCount "106"]
[EventDate "2021.12.21"]
[EventType "swiss (blitz)"]
[EventRounds "11"]
[EventCountry "USA"]
[SourceTitle "CBM 205 Extra"]
[Source "ChessBase"]
[SourceDate "2022.01.31"]
[SourceVersion "1"]
[SourceVersionDate "2022.01.31"]
[SourceQuality "1"]

1. e4 d5 2. exd5 Qxd5 3. Nc3 Qa5 4. d4 Nf6 5. Bd2 c6 6. Bc4 Bf5 7. Nf3 Nbd7 8. Nd5 Qd8 9. Nxf6+ Nxf6 10. c3 e6 11. Ne5 Nd7 12. Nxd7 Qxd7 13. O-O Bd6 14. h3 O-O 15. Qf3 Rfe8 16. Bf4 b5 17. Bb3 Red8 18. Bxd6 Qxd6 19. Rfe1 c5 20. d5 c4 21. dxe6 fxe6 22. Bd1 Qd2 23. Re2 Qd5 24. Qxd5 Rxd5 25. Bc2 Bxc2 26. Rxc2 Rad8 27. a4 Rd1+ 28. Rxd1 Rxd1+ 29. Kh2 bxa4 30. Re2 Rd6 31. Re4 Rc6 32. Re5 Rb6 33. Ra5 Rxb2 34. Rxa4 Rxf2 35. Rxc4 Ra2 36. Rc7 a5 37. c4 a4 38. c5 Rc2 39. c6 a3 40. Ra7 Rxc6 41. Rxa3 Kf7 42. Rf3+ Ke7 43. Rg3 g6 44. h4 Rc4 45. Kh3 e5 46. h5 Kf6 47. hxg6 hxg6 48. Rf3+ Rf4 49. Rxf4+ exf4 50. Kg4 g5 51. g3 Ke5 52. gxf4+ gxf4 53. Kf3 Kf5 1/2-1/2

[Event "Titled Tuesday intern op 21st Dec"]
[Site "Chess.com INT"]
[Date "2021.12.21"]
[Round "2"]
[White "Zirkelbach, Maj"]
[Black "Ocelak, Jakub"]
[Result "0-1"]
[WhiteElo "2295"]
[BlackElo "2210"]
[PlyCount "126"]
[EventDate "2021.12.21"]
[EventType "swiss (blitz)"]
[EventRounds "11"]
[EventCountry "USA"]
[SourceTitle "CBM 205 Extra"]
[Source "ChessBase"]
[SourceDate "2022.01.31"]
[SourceVersion "1"]
[SourceVersionDate "2022.01.31"]
[SourceQuality "1"]

1. d4 d6 2. Nf3 Nf6 3. c4 g6 4. Nc3 Bg7 5. e4 O-O 6. h3 e5 7. d5 Na6 8. g4 Nc5 9. Qc2 a5 10. Be3 c6 11. Nd2 cxd5 12. cxd5 h5 13. g5 Ne8 14. Rg1 Bd7 15. a4 Na6 16. h4 Nb4 17. Qb3 Nc7 18. Be2 Nca6 19. Nc4 Nc5 20. Qd1 Be8 21. f3 Kh7 22. Nb5 Ra6 23. Kf2 f6 24. gxf6 Bxf6 25. Bxc5 Bxh4+ 26. Kf1 dxc5 27. d6 Bd7 28. Kg2 Qg5+ 29. Kh1 Qf4 30. Qd2 Qxd2 31. Nxd2 Bxb5 32. Bxb5 Rxd6 33. Nc4 Re6 34. Kg2 Nc2 35. Rac1 Nd4 36. Rgf1 Bg5 37. Rc3 Ne2 38. Rc2 Nf4+ 39. Kh1 Bd8 40. Ne3 b6 41. Bc4 Rd6 42. Nd5 Nxd5 43. Bxd5 Rdf6 44. Kg2 Rf4 45. b3 g5 46. Rh1 Kg6 47. Rc3 Bc7 48. Rd3 R8f6 49. Bc4 Rd6 50. Rxd6+ Bxd6 51. Rd1 Rf6 52. Bb5 g4 53. fxg4 hxg4 54. Be2 Kg5 55. Kg3 c4 56. Bxc4 Bc5 57. Rd8 Rf3+ 58. Kg2 Rf2+ 59. Kg3 Rf3+ 60. Kg2 Kf4 61. Bd5 Rf2+ 62. Kh1 Kg3 63. Bc4 Rh2# 0-1

[Event "Titled Tuesday intern op 21st Dec"]
[Site "Chess.com INT"]
[Date "2021.12.21"]
[Round "3"]
[White "Abdulla, Khayala Mardan Qizi"]
[Black "Chernov, Alexander A"]
[Result "1-0"]
[WhiteElo "2219"]
[BlackElo "2314"]
[PlyCount "85"]
[EventDate "2021.12.21"]
[EventType "swiss (blitz)"]
[EventRounds "11"]
[EventCountry "USA"]
[SourceTitle "CBM 205 Extra"]
[Source "ChessBase"]
[SourceDate "2022.01.31"]
[SourceVersion "1"]
[SourceVersionDate "2022.01.31"]
[SourceQuality "1"]

1. e4 e5 2. Nf3 Nc6 3. c3 Be7 4. d4 d6 5. Bd3 Nf6 6. d5 Nb8 7. O-O O-O 8. c4 c6 9. Nc3 cxd5 10. cxd5 a6 11. Be3 b5 12. a4 b4 13. Na2 a5 14. Nd2 Ng4 15. Qe2 Nxe3 16. Qxe3 Nd7 17. Nc4 Nc5 18. Nc1 Bd7 19. Bc2 Qc8 20. Nb6 Qc7 21. Nxa8 Rxa8 22. Nd3 Nxd3 23. Bxd3 Bd8 24. Rfc1 Qb7 25. Qe2 Bb6 26. Bb5 Bxb5 27. Qxb5 Qa7 28. Rc2 Bc5 29. Rac1 Rc8 30. Kf1 h5 31. g3 g6 32. Kg2 Kg7 33. f4 exf4 34. gxf4 Qe7 35. e5 Qh4 36. Qf1 Re8 37. Rxc5 dxc5 38. Rxc5 Qg4+ 39. Kh1 h4 40. d6 h3 41. Rc7 Qf5 42. Rc4 Rxe5 43. d7 1-0

[Event "Titled Tuesday intern op 21st Dec"]
[Site "Chess.com INT"]
[Date "2021.12.21"]
[Round "3"]
[White "Abdulla, Murad"]
[Black "Petrova, Irina"]
[Result "0-1"]
[WhiteElo "2287"]
[BlackElo "2141"]
[PlyCount "100"]
[EventDate "2021.12.21"]
[EventType "swiss (blitz)"]
[EventRounds "11"]
[EventCountry "USA"]
[SourceTitle "CBM 205 Extra"]
[Source "ChessBase"]
[SourceDate "2022.01.31"]
[SourceVersion "1"]
[SourceVersionDate "2022.01.31"]
[SourceQuality "1"]

1. c4 e5 2. Nc3 Nf6 3. g3 Bb4 4. Qc2 O-O 5. Bg2 Re8 6. d3 c6 7. Nf3 d5 8. O-O d4 9. Nd1 Bf8 10. e3 c5 11. a3 Nc6 12. Bd2 h6 13. exd4 exd4 14. b4 cxb4 15. axb4 Nxb4 16. Qb3 Nc6 17. Nb2 Rb8 18. Rfb1 Be6 19. Qc2 Qd7 20. c5 Rec8 21. Bf4 Ra8 22. Na4 Nd5 23. Bd2 Bf5 24. Qc4 Nc3 25. Nxc3 dxc3 26. Bxc3 Qxd3 27. Qxd3 Bxd3 28. Rxb7 Bxc5 29. h4 Bb6 30. Rd7 Bf5 31. Rdd1 a5 32. Ra4 Bc2 33. Rda1 Bxa4 34. Rxa4 Rab8 35. Rg4 g6 36. h5 Kh7 37. Rf4 Nd8 38. Be5 Bc7 39. hxg6+ fxg6 40. Bh3 Bxe5 41. Nxe5 Rc1+ 42. Kg2 Re1 43. Nd7 Rb4 44. Rf8 Ne6 45. Rf7+ Kg8 46. Rf6 Nd4 47. Rxg6+ Kh7 48. Nf8+ Kh8 49. Rf6 Kg7 50. Rf4 Ne2 0-1

[Event "Titled Tuesday intern op 21st Dec"]
[Site "Chess.com INT"]
[Date "2021.12.21"]
[Round "3"]
[White "Albertini, Luca"]
[Black "Pinheiro, Iung Alicio"]
[Result "0-1"]
[WhiteElo "2133"]
[BlackElo "2320"]
[PlyCount "34"]
[EventDate "2021.12.21"]
[EventType "swiss (blitz)"]
[EventRounds "11"]
[EventCountry "USA"]
[SourceTitle "CBM 205 Extra"]
[Source "ChessBase"]
[SourceDate "2022.01.31"]
[SourceVersion "1"]
[SourceVersionDate "2022.01.31"]
[SourceQuality "1"]

1. e4 c6 2. d4 d5 3. e5 Bf5 4. h4 h6 5. g4 Bd7 6. h5 c5 7. c3 Nc6 8. f4 cxd4 9. cxd4 Qb6 10. Nf3 Bxg4 11. Be2 Bxf3 12. Bxf3 Qxd4 13. Qxd4 Nxd4 14. Bd1 Rc8 15. Nc3 e6 16. Be3 Nc6 17. Rc1 d4 0-1

[Event "Titled Tuesday intern op 21st Dec"]
[Site "Chess.com INT"]
[Date "2021.12.21"]
[Round "3"]
[White "Arias Gaviria, Mario Alexis"]
[Black "Valle Maytin, Luis Enrique"]
[Result "1-0"]
[WhiteElo "2181"]
[BlackElo "2284"]
[PlyCount "129"]
[EventDate "2021.12.21"]
[EventType "swiss (blitz)"]
[EventRounds "11"]
[EventCountry "USA"]
[SourceTitle "CBM 205 Extra"]
[Source "ChessBase"]
[SourceDate "2022.01.31"]
[SourceVersion "1"]
[SourceVersionDate "2022.01.31"]
[SourceQuality "1"]

1. d4 Nf6 2. c4 g6 3. Nc3 Bg7 4. e4 d6 5. Nf3 O-O 6. Be2 e5 7. dxe5 dxe5 8. Qxd8 Rxd8 9. Bg5 Re8 10. Nd5 Nxd5 11. cxd5 c6 12. dxc6 Nxc6 13. O-O Be6 14. b3 f6 15. Be3 Bf8 16. Rfd1 Rad8 17. Kf1 Kf7 18. Bb5 Rxd1+ 19. Rxd1 Rc8 20. Nd2 a6 21. Bc4 Rd8 22. Ke2 b5 23. Bxe6+ Kxe6 24. a4 Nd4+ 25. Bxd4 Rxd4 26. axb5 axb5 27. f3 h5 28. Nf1 Rxd1 29. Kxd1 Bc5 30. Ng3 Bf2 31. Ne2 Kd6 32. Nc1 f5 33. Nd3 Bd4 34. Ke2 h4 35. g3 hxg3 36. hxg3 Ke6 37. Kf1 Kd6 38. Kg2 Ke6 39. Kh3 Kf6 40. Nb4 Kg5 41. Nd5 Kh5 42. Nc7 Kg5 43. Nxb5 Bb6 44. Nd6 Kf6 45. Nc4 Bd4 46. b4 Ke6 47. b5 Kd7 48. g4 fxe4 49. fxe4 g5 50. Kg2 Kc7 51. Kf3 Kb7 52. Ke2 Kc7 53. Kd3 Kb7 54. Kc2 Kc7 55. Kb3 Kb7 56. Nd6+ Kb6 57. Kc4 Ba1 58. Nf7 Bd4 59. Nxg5 Be3 60. Ne6 Bf4 61. g5 Kb7 62. g6 Bh6 63. Kd5 Bg7 64. Nxg7 Kb6 65. Kc4 1-0

[Event "Titled Tuesday intern op 21st Dec"]
[Site "Chess.com INT"]
[Date "2021.12.21"]
[Round "3"]
[White "Aung, Thant Zin"]
[Black "Postnikov, Daniil"]
[Result "0-1"]
[WhiteElo "2268"]
[BlackElo "2360"]
[PlyCount "68"]
[EventDate "2021.12.21"]
[EventType "swiss (blitz)"]
[EventRounds "11"]
[EventCountry "USA"]
[SourceTitle "CBM 205 Extra"]
[Source "ChessBase"]
[SourceDate "2022.01.31"]
[SourceVersion "1"]
[SourceVersionDate "2022.01.31"]
[SourceQuality "1"]

1. e4 e6 2. d4 d5 3. Nc3 Nf6 4. Bg5 Bb4 5. e5 h6 6. Bd2 Bxc3 7. bxc3 Ne4 8. Bd3 Nxd2 9. Qxd2 c5 10. dxc5 Nc6 11. Nf3 Qa5 12. O-O Qxc5 13. Rab1 a6 14. Rfe1 O-O 15. Nd4 Na5 16. Kh1 Bd7 17. Re3 f6 18. Rg3 Kh8 19. Re1 f5 20. Rg6 Qe7 21. Re3 Nc6 22. Rh3 Nxe5 23. Rgxh6+ gxh6 24. Qxh6+ Kg8 25. Qh8+ Kf7 26. Rh7+ Kg6 27. Rh6+ Kf7 28. Qxe5 Qg5 29. Rh7+ Ke8 30. f4 Qg4 31. Be2 Qg6 32. Rg7 Qh6 33. h3 Rd8 34. Rg5 Ke7 0-1

[Event "Titled Tuesday intern op 21st Dec"]
[Site "Chess.com INT"]
[Date "2021.12.21"]
[Round "3"]
[White "Baches Garcia, Guillermo"]
[Black "Kravtsiv, Martyn"]
[Result "0-1"]
[WhiteElo "2329"]
[BlackElo "2604"]
[PlyCount "70"]
[EventDate "2021.12.21"]
[EventType "swiss (blitz)"]
[EventRounds "11"]
[EventCountry "USA"]
[SourceTitle "CBM 205 Extra"]
[Source "ChessBase"]
[SourceDate "2022.01.31"]
[SourceVersion "1"]
[SourceVersionDate "2022.01.31"]
[SourceQuality "1"]

1. e4 e5 2. Nf3 Nc6 3. Nc3 Nf6 4. d4 exd4 5. Nxd4 Bb4 6. Nxc6 bxc6 7. Bd3 O-O 8. O-O Re8 9. Bg5 h6 10. Bh4 Rb8 11. f4 Be7 12. e5 Nd5 13. Bxe7 Qxe7 14. Nxd5 cxd5 15. b3 d6 16. Qh5 dxe5 17. fxe5 Be6 18. Rf3 Rb4 19. Rg3 Rh4 20. Qe2 c5 21. c4 dxc4 22. bxc4 Rd8 23. Re1 Qd7 24. h3 Rd4 25. Be4 Rxc4 26. Qh5 Qd2 27. Ree3 Qd1+ 28. Qxd1 Rxd1+ 29. Kh2 Rcc1 30. Rgf3 Re1 31. Kg3 g6 32. Rxe1 Rxe1 33. Bd3 Bxa2 34. Kf2 Rxe5 35. Rf6 Be6 0-1

[Event "Titled Tuesday intern op 21st Dec"]
[Site "Chess.com INT"]
[Date "2021.12.21"]
[Round "3"]
[White "Berezin, Viktor1"]
[Black "Leiva Rodriguez, Jeammarco Giuseppe"]
[Result "0-1"]
[WhiteElo "2307"]
[BlackElo "2405"]
[PlyCount "50"]
[EventDate "2021.12.21"]
[EventType "swiss (blitz)"]
[EventRounds "11"]
[EventCountry "USA"]
[SourceTitle "CBM 205 Extra"]
[Source "ChessBase"]
[SourceDate "2022.01.31"]
[SourceVersion "1"]
[SourceVersionDate "2022.01.31"]
[SourceQuality "1"]

1. d4 Nf6 2. Nf3 e6 3. g3 d5 4. Bg2 Be7 5. c4 O-O 6. O-O c6 7. Qc2 Nbd7 8. Bf4 b6 9. Nbd2 Bb7 10. e4 dxe4 11. Nxe4 c5 12. Nd6 Bc6 13. Rad1 cxd4 14. Nxd4 Bxg2 15. Kxg2 Qc7 16. Kg1 e5 17. N4f5 Bxd6 18. Rxd6 exf4 19. Rfd1 Rfe8 20. b3 Qc5 21. gxf4 Re4 22. Ng3 Rxf4 23. Qd2 g5 24. Qe2 Re8 25. Qd2 Ne5 0-1

[Event "Titled Tuesday intern op 21st Dec"]
[Site "Chess.com INT"]
[Date "2021.12.21"]
[Round "3"]
[White "Bifulco, Michel"]
[Black "Botea, David Alexandru"]
[Result "1-0"]
[WhiteElo "2338"]
[BlackElo "1909"]
[PlyCount "113"]
[EventDate "2021.12.21"]
[EventType "swiss (blitz)"]
[EventRounds "11"]
[EventCountry "USA"]
[SourceTitle "CBM 205 Extra"]
[Source "ChessBase"]
[SourceDate "2022.01.31"]
[SourceVersion "1"]
[SourceVersionDate "2022.01.31"]
[SourceQuality "1"]

1. d4 Nf6 2. Nc3 d5 3. Bf4 e6 4. Nb5 Na6 5. e3 c6 6. Nc3 Nc7 7. a3 Bd6 8. Nf3 b6 9. Bd3 Ba6 10. Ne5 Bxd3 11. Qxd3 c5 12. Nb5 Nxb5 13. Qxb5+ Nd7 14. Nxf7 Kxf7 15. Bxd6 cxd4 16. exd4 Nf6 17. Be5 Rc8 18. c3 Ng4 19. Qe2 Nxe5 20. Qxe5 Qf6 21. Qxf6+ gxf6 22. O-O-O Rhg8 23. g3 Rcd8 24. Rhe1 h5 25. Re3 h4 26. Rde1 Rd6 27. Kd2 hxg3 28. fxg3 Rh8 29. R1e2 Rh3 30. Kd3 Ke7 31. b3 b5 32. c4 bxc4+ 33. bxc4 Kd7 34. cxd5 Rxd5 35. Rxe6 Ra5 36. Rxf6 Rxa3+ 37. Ke4 a5 38. Kf4 a4 39. Rb2 Rd3 40. Ke4 Rd1 41. Rb7+ Kc8 42. Ra7 Re1+ 43. Kd5 Kb8 44. Rxa4 Rxh2 45. g4 Rg2 46. Rg6 Reg1 47. Rb4+ Kc8 48. Rc4+ Kb7 49. Rg7+ Kb8 50. Rb4+ Kc8 51. Rc4+ Kb8 52. Rg8+ Kb7 53. Rb4+ Kc7 54. Rg7+ Kc8 55. Kd6 Rxg4 56. Rc7+ Kd8 57. Rb8# 1-0

[Event "Titled Tuesday intern op 21st Dec"]
[Site "Chess.com INT"]
[Date "2021.12.21"]
[Round "3"]
[White "Bilan, Danila"]
[Black "Turski, Bartlomiej"]
[Result "0-1"]
[WhiteElo "2303"]
[BlackElo "2114"]
[PlyCount "72"]
[EventDate "2021.12.21"]
[EventType "swiss (blitz)"]
[EventRounds "11"]
[EventCountry "USA"]
[SourceTitle "CBM 205 Extra"]
[Source "ChessBase"]
[SourceDate "2022.01.31"]
[SourceVersion "1"]
[SourceVersionDate "2022.01.31"]
[SourceQuality "1"]

1. d4 Nf6 2. Nf3 g6 3. Bg5 Bg7 4. c3 d5 5. Nbd2 O-O 6. e3 c5 7. Bd3 b6 8. e4 dxe4 9. Nxe4 Bb7 10. Qe2 cxd4 11. Nxd4 Nc6 12. Nxc6 Bxc6 13. O-O Qc7 14. Rad1 Rad8 15. Bh4 Rxd3 16. Nxf6+ Bxf6 17. Qxd3 Bxh4 18. Qc4 Bf6 19. Rd2 Qb7 20. f3 b5 21. Qc5 Rc8 22. Rfd1 Kg7 23. Qe3 b4 24. c4 a5 25. b3 a4 26. Kf2 axb3 27. axb3 Ra8 28. Rd8 Ra3 29. R1d3 Qc7 30. g3 Rxb3 31. Rxb3 Qxd8 32. Qd3 Qxd3 33. Rxd3 Ba4 34. Rd8 b3 35. Rb8 b2 36. c5 Bc2 0-1

[Event "Titled Tuesday intern op 21st Dec"]
[Site "Chess.com INT"]
[Date "2021.12.21"]
[Round "3"]
[White "Bogumil, Tatiana"]
[Black "Gutkovich, Polina"]
[Result "1-0"]
[WhiteElo "2182"]
[BlackElo "1921"]
[PlyCount "127"]
[EventDate "2021.12.21"]
[EventType "swiss (blitz)"]
[EventRounds "11"]
[EventCountry "USA"]
[SourceTitle "CBM 205 Extra"]
[Source "ChessBase"]
[SourceDate "2022.01.31"]
[SourceVersion "1"]
[SourceVersionDate "2022.01.31"]
[SourceQuality "1"]

1. Nf3 Nf6 2. c4 e6 3. b3 d5 4. Bb2 Be7 5. g3 O-O 6. Bg2 c5 7. O-O Nc6 8. d3 d4 9. Nbd2 a6 10. a3 Rb8 11. b4 cxb4 12. axb4 Bxb4 13. Ba3 Bxa3 14. Rxa3 Qd6 15. Ra1 b5 16. Ng5 b4 17. Nge4 Nxe4 18. Nxe4 Qc7 19. Qa4 b3 20. Nc5 Nb4 21. Nxb3 Bd7 22. Qa5 Qxa5 23. Nxa5 Rfc8 24. Rfc1 Kf8 25. f4 Ke7 26. Kf2 Kd6 27. Ra3 f6 28. e3 e5 29. exd4 exd4 30. Be4 Re8 31. f5 h5 32. Nb3 Ke5 33. Ra5+ Kd6 34. Nxd4 Re5 35. Rca1 Rxa5 36. Rxa5 Re8 37. h3 Bc8 38. g4 hxg4 39. hxg4 Rh8 40. Kg3 Rd8 41. c5+ Kc7 42. Ne6+ Bxe6 43. fxe6 Nxd3 44. e7 Re8 45. Bxd3 Rxe7 46. Kf4 Re5 47. Be4 g5+ 48. Kf3 Re6 49. Bd5 Re5 50. Be4 Re6 51. Ra1 Kb8 52. c6 Kc7 53. Rxa6 Re5 54. Ra7+ Kb6 55. Rf7 Rc5 56. Rxf6 Rc3+ 57. Ke2 Ra3 58. Rg6 Ra2+ 59. Kd3 Ra3+ 60. Kd4 Ra4+ 61. Ke5 Ra5+ 62. Bd5 Ra4 63. Rxg5 Ra2 64. Kd6 1-0

[Event "Titled Tuesday intern op 21st Dec"]
[Site "Chess.com INT"]
[Date "2021.12.21"]
[Round "3"]
[White "Bonte, Andrei Mihai"]
[Black "Baldauf, Marco"]
[Result "1/2-1/2"]
[WhiteElo "2340"]
[BlackElo "2522"]
[PlyCount "107"]
[EventDate "2021.12.21"]
[EventType "swiss (blitz)"]
[EventRounds "11"]
[EventCountry "USA"]
[SourceTitle "CBM 205 Extra"]
[Source "ChessBase"]
[SourceDate "2022.01.31"]
[SourceVersion "1"]
[SourceVersionDate "2022.01.31"]
[SourceQuality "1"]

1. d4 d5 2. c4 c6 3. Nf3 Nf6 4. cxd5 cxd5 5. Nc3 Nc6 6. Bf4 Bf5 7. e3 e6 8. Bb5 Nd7 9. O-O Be7 10. Rc1 O-O 11. h3 Rc8 12. a3 a6 13. Bxc6 Rxc6 14. Ne5 Nxe5 15. Bxe5 Qa5 16. Qa4 Qxa4 17. Nxa4 Rfc8 18. Rxc6 Rxc6 19. f3 f6 20. Bg3 b5 21. Nc5 Bxc5 22. Rc1 e5 23. Rxc5 Rxc5 24. dxc5 Kf7 25. b4 Ke6 26. Kf2 Bd3 27. Ke1 g5 28. Bh2 h5 29. g3 h4 30. gxh4 gxh4 31. Bg1 Bf5 32. Bf2 Bxh3 33. Bxh4 Bg2 34. Ke2 f5 35. f4 exf4 36. exf4 d4 37. Kd3 Kd5 38. Bf6 Be4+ 39. Kd2 Kc4 40. Be5 a5 41. Bf6 d3 42. bxa5 Kxc5 43. Be7+ Kc4 44. Bb4 Kb3 45. Ke3 Kc2 46. Bd2 Kb3 47. Bb4 Kc2 48. a6 Kb2 49. a7 Kc2 50. Ba5 Kb3 51. Bb4 Ka4 52. Kd2 Kb3 53. a8=Q Bxa8 54. Kxd3 1/2-1/2

[Event "Titled Tuesday intern op 21st Dec"]
[Site "Chess.com INT"]
[Date "2021.12.21"]
[Round "3"]
[White "Broca Jimenez, Fernando"]
[Black "Buscar, Michael"]
[Result "0-1"]
[WhiteElo "2075"]
[BlackElo "2088"]
[PlyCount "88"]
[EventDate "2021.12.21"]
[EventType "swiss (blitz)"]
[EventRounds "11"]
[EventCountry "USA"]
[SourceTitle "CBM 205 Extra"]
[Source "ChessBase"]
[SourceDate "2022.01.31"]
[SourceVersion "1"]
[SourceVersionDate "2022.01.31"]
[SourceQuality "1"]

1. e4 c5 2. Nf3 Nc6 3. d4 cxd4 4. Nxd4 Nf6 5. Nc3 e5 6. Nxc6 bxc6 7. g3 d6 8. Bg2 Be7 9. O-O O-O 10. Bg5 Be6 11. Qd2 Qc7 12. Rad1 Rfd8 13. h3 Rab8 14. b3 h6 15. Bxf6 Bxf6 16. Qe3 Qb6 17. Qxb6 axb6 18. a4 Be7 19. Rd3 Rdc8 20. Ra1 f5 21. a5 bxa5 22. Rxa5 fxe4 23. Nxe4 Rd8 24. Ra7 Bf8 25. c4 d5 26. cxd5 cxd5 27. Nd2 e4 28. Rc3 Bb4 29. Rc2 Rdc8 30. Raa2 Bxd2 31. Rxc8+ Bxc8 32. Rxd2 Be6 33. Rb2 Kf7 34. b4 Ke7 35. Kf1 Kd6 36. Ke2 Ke5 37. f4+ Kd4 38. Kd2 e3+ 39. Ke2 Bf5 40. Rb3 Re8 41. b5 Bc2 42. Rb2 Bd3+ 43. Ke1 Ra8 44. b6 Ra1+ 0-1

[Event "Titled Tuesday intern op 21st Dec"]
[Site "Chess.com INT"]
[Date "2021.12.21"]
[Round "3"]
[White "Bryakin, Mikhail"]
[Black "Senthil, Maran K"]
[Result "0-1"]
[WhiteElo "2502"]
[BlackElo "2220"]
[PlyCount "86"]
[EventDate "2021.12.21"]
[EventType "swiss (blitz)"]
[EventRounds "11"]
[EventCountry "USA"]
[SourceTitle "CBM 205 Extra"]
[Source "ChessBase"]
[SourceDate "2022.01.31"]
[SourceVersion "1"]
[SourceVersionDate "2022.01.31"]
[SourceQuality "1"]

1. e4 c6 2. d4 d5 3. exd5 cxd5 4. Bd3 Nf6 5. c3 Nc6 6. Bf4 Bg4 7. Nf3 e6 8. Nbd2 Bd6 9. Bxd6 Qxd6 10. h3 Bxf3 11. Nxf3 O-O 12. O-O Rab8 13. a4 a6 14. Re1 b5 15. axb5 axb5 16. b4 Rfc8 17. Nd2 Ne7 18. Ra3 Rc6 19. Qa1 Qc7 20. Rc1 Nf5 21. Nb3 Nd6 22. Nc5 Nc4 23. Ra7 Qf4 24. Bxc4 dxc4 25. Qb2 h5 26. Re1 Rcc8 27. Qc1 Qxc1 28. Rxc1 Nd5 29. Ra3 Rc6 30. Rca1 f6 31. Kf1 Re8 32. Re1 Kf7 33. g3 g5 34. Kg2 h4 35. gxh4 gxh4 36. Kf3 f5 37. Nd7 Rc7 38. Ne5+ Kf6 39. Rg1 Rg7 40. Re1 Reg8 41. Ra5 Nxc3 42. Rxb5 Nxb5 43. Nxc4 Nxd4+ 0-1

[Event "Titled Tuesday intern op 21st Dec"]
[Site "Chess.com INT"]
[Date "2021.12.21"]
[Round "3"]
[White "Bulatova, Kamaliya"]
[Black "Klimciauskas, Domantas"]
[Result "0-1"]
[WhiteElo "2139"]
[BlackElo "2150"]
[PlyCount "84"]
[EventDate "2021.12.21"]
[EventType "swiss (blitz)"]
[EventRounds "11"]
[EventCountry "USA"]
[SourceTitle "CBM 205 Extra"]
[Source "ChessBase"]
[SourceDate "2022.01.31"]
[SourceVersion "1"]
[SourceVersionDate "2022.01.31"]
[SourceQuality "1"]

1. d4 g6 2. e4 Bg7 3. c3 d6 4. Bg5 h6 5. Be3 Nf6 6. Bd3 e5 7. Qd2 Ng4 8. Ne2 Nxe3 9. Qxe3 Nc6 10. d5 Ne7 11. Nd2 O-O 12. f3 c6 13. c4 Qb6 14. Qxb6 axb6 15. O-O h5 16. Rfd1 Bd7 17. Nf1 cxd5 18. cxd5 Bh6 19. Nc3 Ra5 20. g3 Rc8 21. Kf2 f5 22. Ne3 Rac5 23. a3 f4 24. Nf1 Kf7 25. Nd2 fxg3+ 26. hxg3 Kg7 27. Nb3 R5c7 28. Rh1 Ng8 29. Ke2 Nf6 30. Rag1 Be8 31. Rg2 g5 32. g4 h4 33. Rgg1 Nd7 34. Rd1 Nc5 35. Nxc5 Rxc5 36. Rb1 b5 37. Na2 Kf6 38. Nb4 Bf8 39. Rbd1 Be7 40. Rd2 Bd8 41. Nc2 Bb6 42. b4 Rc3 0-1